Christian Science. (Record no. 5246)
[ view plain ]
| 000 -LEADER | |
|---|---|
| fixed length control field | 00905cam a22003255 4500 |
| 001 - CONTROL NUMBER | |
| control field | 147854 |
| 003 - CONTROL NUMBER IDENTIFIER | |
| control field | OSt |
| 005 - DATE AND TIME OF LATEST TRANSACTION | |
| control field | 20190102110841.0 |
| 008 - FIXED-LENGTH DATA ELEMENTS--GENERAL INFORMATION | |
| fixed length control field | 811117t19541954nju 000 0 eng |
| 010 ## - LIBRARY OF CONGRESS CONTROL NUMBER | |
| LC control number | 55028234 |
| 035 ## - SYSTEM CONTROL NUMBER | |
| System control number | (CStRLIN)NJPT08182800X |
| 035 ## - SYSTEM CONTROL NUMBER | |
| System control number | (CaOTULAS)108182800 |
| 035 ## - SYSTEM CONTROL NUMBER | |
| System control number | (OCoLC)ocm02654557 |
| 035 ## - SYSTEM CONTROL NUMBER | |
| System control number | 147854 |
| 040 ## - CATALOGING SOURCE | |
| Original cataloging agency | PTS |
| Language of cataloging | eng |
| Description conventions | rda |
| Transcribing agency | PTS |
| 050 0# - LIBRARY OF CONGRESS CALL NUMBER | |
| Classification number | BX6955 |
| Item number | .M35 |
| 082 ## - DEWEY DECIMAL CLASSIFICATION NUMBER | |
| Classification number | 289.5 |
| Item number | M379C |
| 100 1# - MAIN ENTRY--PERSONAL NAME | |
| Personal name | Martin, Walter, |
| Dates associated with a name | 1928-1989. |
| 245 14 - TITLE STATEMENT | |
| Title | Christian Science. |
| Statement of responsibility, etc. | By Walter R. Martin. |
| 264 #1 - PRODUCTION, PUBLICATION, DISTRIBUTION, MANUFACTURE, AND COPYRIGHT NOTICE | |
| Place of production, publication, distribution, manufacture | Paterson, N.J. : |
| Name of producer, publisher, distributor, manufacturer | Biblical Truth Pub. Society, |
| Date of production, publication, distribution, manufacture, or copyright notice | 1957. |
| 264 #4 - PRODUCTION, PUBLICATION, DISTRIBUTION, MANUFACTURE, AND COPYRIGHT NOTICE | |
| Date of production, publication, distribution, manufacture, or copyright notice | [�1954] |
| 300 ## - PHYSICAL DESCRIPTION | |
| Extent | 32 pages ; |
| Dimensions | 20 cm |
| 336 ## - CONTENT TYPE | |
| Content type term | text |
| Content type code | txt |
| Source | rdacontent |
| 337 ## - MEDIA TYPE | |
| Media type term | unmediated |
| Media type code | n |
| Source | rdamedia |
| 338 ## - CARRIER TYPE | |
| Carrier type term | volume |
| Carrier type code | nc |
| Source | rdacarrier |
| 650 #0 - SUBJECT ADDED ENTRY--TOPICAL TERM | |
| Topical term or geographic name entry element | Christian Science. |
| 700 1# - ADDED ENTRY--PERSONAL NAME | |
| Personal name | Klann, Norman, |
| Relator term | author. |
| 942 ## - ADDED ENTRY ELEMENTS (KOHA) | |
| Source of classification or shelving scheme | Dewey Decimal Classification |
| Koha item type | Books |
| 945 ## - LOCAL PROCESSING INFORMATION (OCLC) | |
| a | MARCIVE20181205 |
| Withdrawn status | Lost status | Source of classification or shelving scheme | Damaged status | Not for loan | Collection code | Home library | Current library | Shelving location | Date acquired | Cost, normal purchase price | Total Checkouts | Full call number | Barcode | Date last seen | Price effective from | Koha item type |
|---|---|---|---|---|---|---|---|---|---|---|---|---|---|---|---|---|
| Dewey Decimal Classification | Non-fiction | Harvest Mission College | Harvest Mission College | General Stacks | 02.01.2019 | 120.00 | 289.5 M379C | 005989 | 02.01.2019 | 02.01.2019 | Books |
